| 000 | 01221nam a2200313 i 4500 | ||
|---|---|---|---|
| 001 | 000029423 | ||
| 003 | DO-SdBNP | ||
| 005 | 20250702073959.0 | ||
| 007 | ta | ||
| 008 | 250109s1981 dr a 000 0 spa d | ||
| 040 |
_aDO-SdBNP _bspa _cBNPHU _erda |
||
| 041 | _hspa | ||
| 082 | 4 |
_aRD863.42 _bH519t _222 |
|
| 100 | 1 |
_aHenríquez Ureña, Pedro, _d1884-1946 _eautor _4aut. _91718 |
|
| 245 | 1 | 0 |
_aTres cuentos de Pedro Henríquez Ureña / _cPedro Henríquez Ureña ; edición, Josefina de la Cruz y Diógenes Valdez. |
| 246 | 2 | 0 | _a3 cuentos de Pedro Henríquez Ureña |
| 264 | 1 |
_aSanto Domingo : _bSecretaría de Estado de Educación, Bellas Artes y Cultos, _c1981. |
|
| 300 |
_a73 páginas : _bilustraciones ; _c27 cm. |
||
| 336 |
_atexto _btxt _2rdacontent |
||
| 337 |
_asin mediació _bn _2rdamedia |
||
| 338 |
_avolumen _bnc _2rdacarrier |
||
| 505 |
_aPedro Henríquez Ureña propone utopía en Cuentos de la Nana Lupe / _rJosefina de la Cruz -- _tEn los volcanes -- _tEn Jauja -- _tCon las brujas. |
||
| 590 | _aInventariado, 2025 / DG | ||
| 650 | 4 |
_aCuentos dominicanos _9176 |
|
| 650 | 4 |
_aLiteratura dominicana. _967 |
|
| 700 | 1 |
_aCruz, Josefina de la, _eedición _4ed. _922955 |
|
| 910 | _aDG | ||
| 942 |
_2ddc _cLBS1 |
||
| 999 |
_c58012 _d58012 |
||